00949nam a22002657a 45000010005000000030006000050050017000110080041000280200018000690400029000870500015001160820008001311000017001392450073001562500041002292600036002703000045003065050007003515200181003585210018005395210018005576500026005756500050006017000032006517226FISKH20250703095454.0250703b cb ||||| |||| 00| 0 eng d a9780064442817 aFISKHbengcFISKHdFISKH aPZ7.A953 A a165 aAvid(1937-) aAbigail take the wheel /cStory by Avi ; Pictures by Don Bolognese / aThis edition first published in 2000 aNew York :bHarperTrophy,c1999 a56 pages :bcolor illustrations ;c23 cm aN  aWhen the first mate of the freight boat Neptune falls ill, it is up to Abigail, the captain's daughter, to steer the ship up the Hudson River from New Jersey to New York City. 8 a560 bLexile 8 aN bRaz-Plus  2Early readeraSailing 2Honey for a Child's HeartaWormy's collection aBolognese, Dondillustrator